000 00376nam a2200157Ia 4500
008 230524s9999 xx 000 0 und d
082 _a5
_bSAH
100 _aSourav Sahay
245 0 _aObject Oriented Programming with C++
250 _a1ST
260 _aNEW DELHI
_bOxford
_c2006
300 _aVII;477
500 _aQuantity Number: 4
650 _aComp-Sc
942 _cBK
999 _c36725
_d36725